|
|
|
|
| LEADER |
00000nas a2200000 i 4500 |
| 001 |
ssj0001072716 |
| 003 |
WaSeSS |
| 005 |
20200512172242.0 |
| 006 |
m d |
| 007 |
cr n |
| 008 |
131218u20uuuuuunz a| p|s|||||| |0eng d |
| 022 |
|
|
|a 1177-0317
|l 1177-0317
|
| 035 |
|
|
|a (WaSeSS)ssj0001072716
|
| 040 |
|
|
|a WaSeSS
|b eng
|c WaSeSS
|d WaSeSS
|
| 050 |
1 |
4 |
|a GN380
|
| 210 |
1 |
|
|a Int. indig. j. entrep. adv. strategy educ.
|
| 222 |
|
0 |
|a International indigenous journal of entrepreneurship, advancement, strategy & education
|
| 245 |
0 |
0 |
|a International indigenous journal of entrepreneurship, advancement, strategy and education
|h [electronic resource].
|
| 260 |
|
|
|a Tauranga, New Zealand :
|b USA Info
|
| 310 |
|
|
|a Annual
|
| 506 |
|
|
|a License restrictions may limit access.
|
| 588 |
|
|
|a Description based on: Volume 2 (1) (October 2006); title from title screen (ProQuest, viewed Dec. 17, 2013).
|
| 588 |
|
|
|a Latest issue consulted: Volume 2 (2) (December 2006) (viewed Dec. 17, 2013).
|
| 650 |
|
0 |
|a Indigenous peoples
|v Periodicals.
|
| 650 |
|
0 |
|a Indigenous peoples
|x Education
|v Periodicals.
|
| 650 |
|
0 |
|a Entrepreneurship
|v Periodicals.
|
| 655 |
|
0 |
|a Electronic journals.
|
| 856 |
4 |
0 |
|z Full text available from Research Library: 10/01/2006 to 12/31/2006
|u https://search.proquest.com/publication/38577
|